00737nam a2200241Ia 450000100060000000300090000600800410001504000130005604000130006904100130008210000190009510000290011424500650014324500570020825000110026526000100027626000300028626000490031630000590036550000150042465000250043965000310046441415IT-RoPAU130308s9999 xx 000 0 und d aIT-RoPAU cIT-RoPAU aFRANCESE aMounin Georges gCodice Aut. SPICS: 3498 aTraduction par l'homme (La)-La situation francaise en 1977 bSciences Du Langage En France Au Xx.Eme Siecle (Les) a1a ed. aPARIS bCentre Nat. Recherche Sc. c1980 [1° Ed.:1980 - Ed.Ling.Originale:1980] a"20 p. (prefazione: no ; testo: 20 [pagine: 617-636])" aTraduzione aSAGGI DI LINGUISTICA eCodice materia Spics: 3207